000 00462cam a2200181ua 4500
020 _cRs 1.75
041 _amal
_h
082 _a894.812 2
_bSRE/ON
100 _aSreemandiram, K P .
245 _aOnamundum Odakkuzhalum /
_cK P Sreemandiram.
_hTextual Documents
260 _aKottayam :
_bNational Book Stall ,
_c1962.
300 _a135 ; .
365 _aRs 1.75
504 _a
650 _aDrama - Malayalam
942 _cBK
999 _c1088
_d1088